Komparatívna analýza podnikateľských modelov

Definície podnikateľského modelu. Príčiny vzniku záujmu o podnikateľské modely. Koncepcie podnikateľských modelov a ich zobrazovanie.

Salvato in:
Dettagli Bibliografici
Autore principale: Slávik, Štefan, 1955-
Natura: Capitolo di libro
Lingua:slovacco
Soggetti:
Tags: Aggiungi Tag
Nessun Tag, puoi essere il primo ad aggiungerne!!

MARC

LEADER 00000naa a2200000 4500
001 0145556
005 20250904105914.4
041 0 |a slo 
044 |a SK 
245 1 0 |a Komparatívna analýza podnikateľských modelov  |c Štefan Slávik 
520 |a Definície podnikateľského modelu. Príčiny vzniku záujmu o podnikateľské modely. Koncepcie podnikateľských modelov a ich zobrazovanie. 
610 2 0 |a analýza komparatívna 
610 2 0 |a stratégia podnikateľská 
610 2 0 |a stratégia podniková 
610 2 0 |a modely ekonomické 
610 2 0 |a prostredie podnikateľské 
100 1 |a Slávik, Štefan, 1955-